Sports Quiz

Random Sports or NHL Quiz

NHL - Calder Trophy Winners (Slideshow) Quiz Stats

Quiz not verified by Sporcle

Challenge
Share
Tweet
Score 0/80 Timer 15:00
0 Plays Today
% Correct
Evgeni Malkin
89.5%
Alex Ovechkin
88.8%
Martin Brodeur
87.7%
Patrick Kane
83.5%
Teemu Selanne
82.1%
Mario Lemieux
80.4%
Daniel Alfredsson
79.3%
Brian Leetch
78.6%
Evgeni Nabokov
78.6%
Peter Forsberg
76.5%
Dany Heatley
76.1%
Jeff Skinner
75.8%
Gabriel Landeskog
75.8%
Bobby Orr
75.1%
Denis Potvin
72.6%
Luc Robitaille
72.3%
Mike Bossy
71.9%
Bryan Trottier
70.9%
Ken Dryden
69.5%
Tony Esposito
69.1%
Tyler Myers
68.8%
Dale Hawerchuk
63.9%
Pavel Bure
62.8%
Scott Gomez
62.8%
Gilbert Perreault
62.1%
Andrew Raycroft
61.4%
Raymond Bourque
55.1%
Chris Drury
55.1%
Ed Belfour
53.7%
Sergei Samsonov
53.3%
Gump Worsley
53%
Bryan Berard
49.8%
Steve Larmer
49.5%
Tom Barrasso
47%
Steve Mason
46.7%
Barret Jackman
46%
Glenn Hall
45.3%
Gary Suter
45.3%
Bobby Smith
44.6%
Joe Nieuwendyk
42.8%
% Correct
Sergei Makarov
40%
Bernie Geoffrion
38.2%
Jonathan Huberdeau
37.2%
Peter Stastny
36.8%
Terry Sawchuk
35.1%
Frank Brimsek
29.1%
Derek Sanderson
27%
Dave Keon
26.7%
Willi Plett
26%
Eric Vail
25.6%
Frank Mahovlich
24.9%
Steve Vickers
24.9%
Syl Apps
24.2%
Roger Crozier
22.1%
Jacques Laperriere
20.4%
Bobby Rousseau
19.3%
Danny Grant
18.2%
Howie Meeker
17.5%
Mike Karakas
17.3%
Carl Voss
17.3%
Ralph Backstrom
17.2%
Sweeney Schriner
16.5%
Camille Henry
16.5%
Brit Selby
15.8%
Ed Litzenberger
15.4%
Bill Hay
15.4%
Gaye Stewart
14.7%
Gus Bodnar
14.7%
Frank McCool
14.7%
Edgar Laprade
14.7%
Pentti Lund
14.4%
Johnny Quilty
14%
Grant Warwick
14%
Kent Douglas
14%
Cully Dahlstrom
13.7%
Kilby MacDonald
13.7%
Jack Gelineau
13.7%
Larry Regan
13.7%
Jim McFadden
13.3%
Russ Blinko
9.1%

You're not logged in!

Compare scores with friends on all Sporcle quizzes.
Sign Up with Email
OR
Log In

You Might Also Like...

Show Comments

Extras

Top Quizzes Today


Score Distribution

Your Account Isn't Verified!

In order to create a playlist on Sporcle, you need to verify the email address you used during registration. Go to your Sporcle Settings to finish the process.